CBRE Global Research Gateway (Record no. 121010)
[ view plain ]
| 000 -LEADER | |
|---|---|
| fixed length control field | 00891cai a22001815a 4500 |
| 001 - CONTROL NUMBER | |
| control field | L157962 |
| 008 - FIXED-LENGTH DATA ELEMENTS--GENERAL INFORMATION | |
| fixed length control field | 130903u xxk g 000 0 eng d |
| 035 ## - SYSTEM CONTROL NUMBER | |
| System control number | (Sirsi) u157962 |
| 041 0# - LANGUAGE CODE | |
| Language code of text/sound track or separate title | eng |
| 110 2# - MAIN ENTRY--CORPORATE NAME | |
| Corporate name or jurisdiction name as entry element | CBRE |
| 245 00 - TITLE STATEMENT | |
| Title | CBRE Global Research Gateway |
| Medium | [electronic resource] |
| 520 ## - SUMMARY, ETC. | |
| Summary, etc. | A research gateway giving access to a range of information sources providing market insight into the global real estate market. Provides access to data and trends on retail rents, capital values, office rents and industrial sector and investment. Includes "About Real Estate", a weekly newsletter providing a brief round up of research on the global property sector. Allows searching by sector. |
| 590 ## - LOCAL NOTE (RLIN) | |
| Local note | KA |
| 651 #4 - SUBJECT ADDED ENTRY--GEOGRAPHIC NAME | |
| Geographic name | INTERNATIONAL |
| 690 ## - LOCAL SUBJECT ADDED ENTRY--TOPICAL TERM (OCLC, RLIN) | |
| Topical term or geographic name as entry element | Commercial property |
| 9 (RLIN) | 6227 |
| 856 40 - ELECTRONIC LOCATION AND ACCESS | |
| Uniform Resource Identifier | <a href="https://www.cbre.com/EN/research/Pages/default.aspx">https://www.cbre.com/EN/research/Pages/default.aspx</a> |
| Public note | View the website at www.cbre.com |
| 942 ## - ADDED ENTRY ELEMENTS (KOHA) | |
| Suppress in OPAC | 0 |
| Withdrawn status | Lost status | Source of classification or shelving scheme | Damaged status | Not for loan | Home library | Current library | Shelving location | Date acquired | Total Checkouts | Full call number | Barcode | Date last seen | Copy number | Price effective from | Koha item type |
|---|---|---|---|---|---|---|---|---|---|---|---|---|---|---|---|
| Dewey Decimal Classification | Virtual | Virtual | Online | 03/09/2013 | ONLINE PUBLICATION | 157962-2001 | 06/08/2019 | 1 | 06/08/2019 | Online material |